01594nam a2200433 i 450000100060000000300090000600500170001500800390003201500170007103500230008803500360011103500140014703500200016103500230018103500440020404000280024804600090027608000100028508000080029510000520030324500660035526000550042130000430047633600270051933700520054633800280059838000160062638000230064238800140066550400440067952101990072365000130092265000240093565000240095965800240098365800150100771000400102285600980106214610KOSZ 00520191026121142.0191026s1972 pl a f 001 0 pol aPB 1972/7006 a991034579959705066 a(PL-WaBN)b19309442-48omnis_nlop ab19309442 a(OCoLC)69638228 a(PL)b0000001930944 a(EXLNZ-48OMNIS_NETWORK)9910013334505606 aWA NcWA NdKOSZ 005/RW k1972 a531.3 a5131 aSkowroński, Janisław Mariand(?-1992)eAutor10aElementy dynamiki geometrycznej /cJanisław M. Skowroński. aWarszawa :bWydawnictwa Naukowo-Techniczne,c1972. a367, [1] stron :bilustracje ;c25 cm. aTekstbtxt2rdacontent aBez urządzenia posredniczącegobn2rdamedia aWoluminbnc2rdacarrier aKsiążki aPublikacje naukowe a1901-2000 aBibliografia przy rozdziałach. Indeks. aKsiążka jest przeznaczona dla inżynierów pracujących naukowo w dziedzinie teorii obwodów elektrycznych, teorii sterowania, teorii układów optymalnych, teorii drgań nieliniowych. 7aDynamika 7aModele matematyczne 7aFizyka matematyczna aFizyka i astronomia aMatematyka2 aWydawnictwa Naukowo-Techniczne4pbl uhttp://koha.tu.koszalin.pl/cgi-bin/koha/opac-detail.pl?biblionumber=14610yKatalog online BPK